| 000 | 00429nam a2200133Ia 4500 | ||
|---|---|---|---|
| 008 | 230907s9999||||xx |||||||||||||| ||und|| | ||
| 082 |
_a620 _bPAK |
||
| 100 |
_aThe Publisher _9116200 |
||
| 245 | 0 | _aPakistan Energy Yearbook 2014 / | |
| 260 |
_aBK _bMinistry of Petroleum and Natural Resources Hydrocarbon Development Institute of Pakistan, _c2020-11-23 (2015) |
||
| 300 | _av, 142 p. | ||
| 650 | _aIslamabad : | ||
| 942 |
_2ddc _cEB |
||
| 999 |
_c601605 _d601605 |
||